[Event "SC Rochade Emsdetten 3 - SV Heiden 2"]
[Site "Verbandsklasse 2019/2020"]
[Date "2020.01.18"]
[Round "5.1"]
[White "Wienen, Josef"]
[Black "Gerighausen, Karl Heinz"]
[Result "1/2-1/2"]
[WhiteElo "1609"]
[BlackElo "1692"]
[PlyCount "73"]
[EventDate "2020.??.??"]
[SourceDate "2019.09.20"]

1. c4 c5 2. Nc3 g6 3. g3 Bg7 4. Bg2 Nc6 5. d3 d6 6. Nf3 e5 7. O-O Nge7 8. Bg5
f6 9. Bd2 O-O 10. Qc1 Rb8 11. h4 h5 12. Ne4 Nd4 13. Nxd4 exd4 14. Bh6 Nf5 15.
Bxg7 Kxg7 16. Qf4 Re8 17. Rae1 Re5 18. Bf3 Bd7 19. Kg2 Bc6 20. Rh1 Nh6 21. Reg1
f5 22. Ng5 Qd7 23. Re1 Rbe8 24. Qd2 Ng4 25. Bxc6 Qxc6+ 26. Nf3 R5e7 27. Rhf1 a6
28. Kg1 b5 29. b3 b4 30. Nh2 Nxh2 31. Kxh2 Qd7 32. e3 dxe3 33. Rxe3 Rxe3 34.
fxe3 Qe6 35. Rf3 Qe5 36. Kg2 Re7 37. Kf2 1/2-1/2

[Event "SC Rochade Emsdetten 3 - SV Heiden 2"]
[Site "Verbandsklasse 2019/2020"]
[Date "2020.01.18"]
[Round "5.2"]
[White "Bahr, Maximilian"]
[Black "Dolle, Stephan"]
[Result "0-1"]
[WhiteElo "1738"]
[BlackElo "1774"]
[PlyCount "70"]
[EventDate "2020.??.??"]
[SourceDate "2019.09.20"]

1. d4 d5 2. c4 e6 3. Nc3 Nf6 4. Nf3 Nbd7 5. e3 Be7 6. Bd3 dxc4 7. Bxc4 a6 8.
O-O b5 9. Bd3 Bb7 10. b3 c5 11. Bb2 cxd4 12. Nxd4 O-O 13. Rc1 Nc5 14. Bb1 b4
15. Nce2 Qb6 16. Nf4 Rfd8 17. Qe2 Rac8 18. Nh5 a5 19. Rfd1 g6 20. Nc6 Qxc6 21.
Rxd8+ Bxd8 22. Nf4 Nh5 23. f3 Nxf4 24. exf4 Qd6 25. Be4 Qe7 26. Bd4 Nd7 27. Rd1
Bb6 28. Qf2 Bxd4 29. Qxd4 Qc5 30. Qxc5 Nxc5 31. Rc1 Nd7 32. Rd1 Nb6 33. Kf2 Bd5
34. g4 Rc3 35. Rd3 Rc1 0-1

[Event "SC Rochade Emsdetten 3 - SV Heiden 2"]
[Site "Verbandsklasse 2019/2020"]
[Date "2020.01.18"]
[Round "5.3"]
[White "Buchner, Ralf"]
[Black "Fuhrmann, Andreas"]
[Result "1/2-1/2"]
[WhiteElo "1684"]
[BlackElo "1651"]
[PlyCount "90"]
[EventDate "2020.??.??"]
[SourceDate "2019.09.20"]

1. d4 d5 2. Nf3 e6 3. b3 Nf6 4. Bb2 c5 5. e3 Nc6 6. Bd3 Bd6 7. O-O O-O 8. dxc5
Bxc5 9. a3 Bd6 10. Nbd2 e5 11. e4 dxe4 12. Nxe4 Nxe4 13. Bxe4 Bg4 14. Qd3 Bxf3
15. Qxf3 Rc8 16. Rad1 g6 17. Bxc6 Rxc6 18. Bxe5 Qc7 19. Bxd6 Rxd6 20. Qg3 Rc6
21. Qxc7 Rxc7 22. c4 Re8 23. Rd2 Rce7 24. g3 Kf8 25. Kg2 a6 26. b4 Re4 27. c5
Rc4 28. Rfd1 a5 29. Rb2 axb4 30. Rxb4 Rxc5 31. Rxb7 Ra8 32. Rd3 Rf5 33. Rdb3 h5
34. h3 Rfa5 35. Rf3 f5 36. Rc3 Rxa3 37. Rcc7 R3a6 38. Rf7+ Kg8 39. Rg7+ Kh8 40.
Rh7+ Kg8 41. Rh6 Rc8 42. Rbh7 Rca8 43. Rh8+ Kg7 44. R8h7+ Kf6 45. Rb7 R8a7
1/2-1/2

[Event "SC Rochade Emsdetten 3 - SV Heiden 2"]
[Site "Verbandsklasse 2019/2020"]
[Date "2020.01.18"]
[Round "5.4"]
[White "Wessendorf, Klaus"]
[Black "Wichert, Michael"]
[Result "0-1"]
[WhiteElo "1624"]
[BlackElo "1730"]
[PlyCount "51"]
[EventDate "2020.??.??"]
[SourceDate "2019.09.20"]

1. e4 e5 2. Nf3 Nc6 3. d4 exd4 4. Nxd4 Nf6 5. Nxc6 bxc6 6. Nc3 d6 7. Bc4 Be7 8.
Bf4 O-O 9. Qe2 Be6 10. O-O-O Bxc4 11. Qxc4 Qe8 12. f3 Rb8 13. g4 c5 14. e5 Rb4
15. Qe2 Rxf4 16. exf6 Bxf6 17. Qxe8 Rxe8 18. Nd5 Rxf3 19. Nxc7 Rb8 20. b3 Be5
21. Na6 Rc8 22. h3 f6 23. Rd5 Kf7 24. Kd2 Rf2+ 25. Kc1 Ke6 26. Rd2 0-1

[Event "SC Rochade Emsdetten 3 - SV Heiden 2"]
[Site "Verbandsklasse 2019/2020"]
[Date "2020.01.18"]
[Round "5.5"]
[White "Blobel, Tobias"]
[Black "Peters, Tobias"]
[Result "0-1"]
[WhiteElo "1654"]
[BlackElo "1686"]
[PlyCount "46"]
[EventDate "2020.??.??"]
[SourceDate "2019.09.20"]

1. d4 f5 2. h3 d6 3. Nc3 Nf6 4. Bg5 e6 5. e4 fxe4 6. Nxe4 Be7 7. Nxf6+ Bxf6 8.
Bxf6 Qxf6 9. Nf3 b6 10. Bb5+ Bd7 11. Bxd7+ Nxd7 12. O-O O-O 13. Qd2 Qg6 14. Nh2
Nf6 15. Rae1 Nh5 16. Re3 Qg5 17. Qc3 Nf4 18. Rg3 Ne2+ 19. Kh1 Nxg3+ 20. fxg3
Rxf1+ 21. Nxf1 Qc1 22. Kg1 Rf8 23. Qd3 Qe1 0-1

[Event "SC Rochade Emsdetten 3 - SV Heiden 2"]
[Site "Verbandsklasse 2019/2020"]
[Date "2020.01.18"]
[Round "5.7"]
[White "Finke, Tobias"]
[Black "Gatterdam, Karl Heinz"]
[Result "1/2-1/2"]
[WhiteElo "1608"]
[BlackElo "1695"]
[PlyCount "88"]
[EventDate "2020.??.??"]
[SourceDate "2019.09.20"]

1. d4 d5 2. c4 c6 3. Nc3 Nf6 4. Bg5 e6 5. Nf3 dxc4 6. e4 b5 7. e5 h6 8. Bxf6
gxf6 9. a4 Bb4 10. Be2 Bb7 11. O-O Bxc3 12. bxc3 Nd7 13. Rb1 a6 14. Bxc4 Qc7
15. Be2 fxe5 16. Nxe5 Nxe5 17. dxe5 Qxe5 18. axb5 cxb5 19. Bf3 Bxf3 20. Qxf3
Qd5 21. Qg3 Rd8 22. Qg7 Ke7 23. Qg4 Rhg8 24. Qh4+ Qg5 25. Qb4+ Kf6 26. g3 Qd5
27. Rfe1 Rg5 28. Re4 Qd2 29. Re3 Rf5 30. Rf1 Kg7 31. Qa5 Rd6 32. Qa1 Rxf2 33.
c4+ Kg8 34. Rxf2 Qxe3 35. Qf6 Rd1+ 36. Kg2 Qe4+ 37. Kh3 Qg6 38. Qf3 Qf5+ 39.
Qxf5 exf5 40. cxb5 axb5 41. Rxf5 b4 42. Rb5 Rd4 43. Kg2 Kg7 44. Rb6 f6 1/2-1/2

[Event "SK Ochtrup 1 - SC Gronau 2"]
[Site "Verbandsklasse 2019/2020"]
[Date "2020.01.18"]
[Round "5.1"]
[White "Kloenne, Tim"]
[Black "Jacob, Helmut"]
[Result "1/2-1/2"]
[WhiteElo "1801"]
[BlackElo "2028"]
[PlyCount "55"]
[EventDate "2020.??.??"]
[SourceDate "2019.09.20"]

1. d4 Nf6 2. Nf3 e6 3. g3 b6 4. Bg2 Bb7 5. O-O g6 6. c4 Bg7 7. Nc3 Ne4 8. Qc2
Nxc3 9. Qxc3 c5 10. Qd3 Na6 11. dxc5 Nxc5 12. Qd6 Qe7 13. Qxe7+ Kxe7 14. Nd2
Bxg2 15. Kxg2 Rhd8 16. Nb3 Na4 17. Rb1 Rac8 18. Nd2 d5 19. cxd5 Rxd5 20. Ne4 f5
21. Bg5+ Kf7 22. Nc3 Nxc3 23. bxc3 Rxc3 24. Rfc1 Rxc1 25. Rxc1 Rd7 26. Rc2 Bf6
27. Bxf6 Kxf6 28. Kf3 1/2-1/2

[Event "SK Ochtrup 1 - SC Gronau 2"]
[Site "Verbandsklasse 2019/2020"]
[Date "2020.01.18"]
[Round "5.2"]
[White "Moor, Daniel"]
[Black "Tsoukkerman, Boris Z"]
[Result "1-0"]
[WhiteElo "1899"]
[BlackElo "1907"]
[PlyCount "47"]
[EventDate "2020.??.??"]
[SourceDate "2019.09.20"]

1. e4 Nf6 2. Bc4 b5 3. Bb3 Bb7 4. d3 e6 5. f4 d5 6. e5 Nfd7 7. a4 Nc5 8. Nf3
Nxb3 9. cxb3 b4 10. Be3 c5 11. Nbd2 a5 12. Rc1 Nd7 13. O-O d4 14. Bf2 Nb6 15.
Ne4 Rc8 16. Nfg5 Nd5 17. Qf3 Be7 18. Bh4 g6 19. Qg3 Ne3 20. Nd6+ Bxd6 21. Nxf7
Nf5 22. Bxd8 Nxg3 23. Nxd6+ Kd7 24. hxg3 1-0

[Event "SK Ochtrup 1 - SC Gronau 2"]
[Site "Verbandsklasse 2019/2020"]
[Date "2020.01.18"]
[Round "5.4"]
[White "Schmerling, Janek"]
[Black "Reinhold, Klaus"]
[Result "1/2-1/2"]
[WhiteElo "1676"]
[BlackElo "1823"]
[PlyCount "58"]
[EventDate "2020.??.??"]
[SourceDate "2019.09.20"]

1. e4 e5 2. Nf3 Nc6 3. d4 exd4 4. Nxd4 Nf6 5. Nxc6 bxc6 6. e5 Qe7 7. Qe2 Nd5 8.
c4 Ba6 9. b3 g6 10. g3 Bg7 11. Bb2 O-O 12. Bg2 Rfe8 13. O-O Nb6 14. Re1 Rab8
15. Nd2 Na4 16. Bd4 c5 17. Be3 Nc3 18. Qd3 Qxe5 19. Qxd7 Qd6 20. Qxd6 cxd6 21.
Kf1 Bb7 22. Bf4 Bxg2+ 23. Kxg2 Be5 24. Bxe5 Rxe5 25. Rxe5 dxe5 26. Kf3 f5 27.
Rc1 Rd8 28. Rxc3 Rxd2 29. a4 e4+ 1/2-1/2

[Event "SK Ochtrup 1 - SC Gronau 2"]
[Site "Verbandsklasse 2019/2020"]
[Date "2020.01.18"]
[Round "5.5"]
[White "Sprenger, Franz"]
[Black "Holtmannspoetter, Thomas"]
[Result "1/2-1/2"]
[WhiteElo "1675"]
[BlackElo "1722"]
[PlyCount "48"]
[EventDate "2020.??.??"]
[SourceDate "2019.09.20"]

1. e4 c5 2. Nc3 e6 3. Nf3 Nc6 4. d4 cxd4 5. Nxd4 a6 6. Be3 Nf6 7. a3 d5 8. exd5
Nxd5 9. Nxc6 bxc6 10. Nxd5 cxd5 11. c4 Be7 12. c5 Bd7 13. b4 O-O 14. Be2 Bg5
15. f4 Bh4+ 16. g3 Bf6 17. Rb1 Bc3+ 18. Kf2 Qf6 19. Bf3 Rab8 20. Qc2 Bc6 21.
Rhc1 Bd4 22. Bxd4 Qxd4+ 23. Kg2 Rfc8 24. Rd1 Qf6 1/2-1/2

[Event "SK Ochtrup 1 - SC Gronau 2"]
[Site "Verbandsklasse 2019/2020"]
[Date "2020.01.18"]
[Round "5.6"]
[White "Jacob, Barbara"]
[Black "Schlueter, Gerhard"]
[Result "1/2-1/2"]
[WhiteElo "1608"]
[BlackElo "1655"]
[PlyCount "58"]
[EventDate "2020.??.??"]
[SourceDate "2019.09.20"]

1. e4 e5 2. Bc4 Nc6 3. Nf3 Be7 4. d3 Nf6 5. Nc3 d6 6. h3 h6 7. Be3 O-O 8. Qd2
Kh7 9. g4 Ng8 10. Nd5 g5 11. Nxe7 Qxe7 12. h4 Bxg4 13. Nh2 Be6 14. hxg5 f5 15.
exf5 Rxf5 16. gxh6 Rh5 17. O-O-O Rf8 18. Rdg1 Nxh6 19. Qe2 Rff5 20. f3 d5 21.
Bb3 Nd4 22. Qg2 Nxb3+ 23. axb3 Qf7 24. Ng4 Ng8 25. Rxh5+ Rxh5 26. Qg3 d4 27.
Bd2 Qg6 28. Qe1 Qf5 29. Qg3 Qg6 1/2-1/2

[Event "SK Ochtrup 1 - SC Gronau 2"]
[Site "Verbandsklasse 2019/2020"]
[Date "2020.01.18"]
[Round "5.7"]
[White "Baer, Klaus"]
[Black "Kaiser, Guenter"]
[Result "1/2-1/2"]
[WhiteElo "1620"]
[BlackElo "1628"]
[PlyCount "57"]
[EventDate "2020.??.??"]
[SourceDate "2019.09.20"]

1. d4 d5 2. Bf4 Nf6 3. e3 c6 4. Bd3 e6 5. c3 Bd6 6. Bg3 Qc7 7. Nf3 Nbd7 8. Nbd2
O-O 9. Qc2 e5 10. dxe5 Nxe5 11. Nxe5 Bxe5 12. Nf3 Bd6 13. Bh4 Ne4 14. Bxe4 dxe4
15. Qxe4 h6 16. Bg3 Be6 17. Bxd6 Qxd6 18. Rd1 Qc7 19. O-O Bxa2 20. c4 b5 21.
cxb5 cxb5 22. Rc1 Qd7 23. Rfd1 Qe6 24. Qxe6 Bxe6 25. Nd4 a6 26. Nxe6 fxe6 27.
Rd6 e5 28. Rc5 Rfe8 29. Rdd5 1/2-1/2

[Event "SK Ochtrup 1 - SC Gronau 2"]
[Site "Verbandsklasse 2019/2020"]
[Date "2020.01.18"]
[Round "5.8"]
[White "Leseberg, Detlef"]
[Black "Roevekamp, Wolfgang"]
[Result "0-1"]
[WhiteElo "1205"]
[BlackElo "1413"]
[PlyCount "34"]
[EventDate "2020.??.??"]
[SourceDate "2019.09.20"]

1. c4 e5 2. Nc3 Nf6 3. g3 Bc5 4. Bg2 c6 5. e3 d5 6. d3 O-O 7. h3 dxc4 8. dxc4
Qxd1+ 9. Kxd1 Be6 10. b3 Rd8+ 11. Ke2 Na6 12. a3 Rd7 13. Nf3 Bd6 14. Nd2 Rad8
15. Rd1 Nc5 16. g4 Nxb3 17. Nxb3 Bxc4+ 0-1

[Event "SF Reckenfeld 1 - SV Heiden 1"]
[Site "Verbandsklasse 2019/2020"]
[Date "2020.01.18"]
[Round "5.1"]
[White "Wienen, Hermann"]
[Black "Boeckmann, Dirk"]
[Result "1-0"]
[WhiteElo "1943"]
[BlackElo "1706"]
[PlyCount "57"]
[EventDate "2020.??.??"]
[SourceDate "2019.09.20"]

1. e4 c6 2. d4 d5 3. exd5 cxd5 4. Nf3 Nc6 5. c3 Nf6 6. h3 h6 7. Bd3 e6 8. O-O
Bd6 9. Re1 a6 10. Nbd2 Qc7 11. Nf1 b5 12. Ne3 O-O 13. Ng4 Nxg4 14. hxg4 Bf4 15.
g5 hxg5 16. Nxg5 Bxg5 17. Bxg5 f5 18. Qf3 g6 19. g3 Rf7 20. Kg2 Rh7 21. Rh1
Rxh1 22. Rxh1 Qf7 23. Bf4 Ra7 24. Qe3 Qf6 25. Bg5 Qf8 26. Rh6 Rg7 27. Qf4 Bb7
28. Qh4 Kf7 29. Bf6 1-0

[Event "SF Reckenfeld 1 - SV Heiden 1"]
[Site "Verbandsklasse 2019/2020"]
[Date "2020.01.18"]
[Round "5.2"]
[White "Holtmannspoetter, Michael"]
[Black "Berger, Alfred Josef"]
[Result "1/2-1/2"]
[WhiteElo "1602"]
[BlackElo "1869"]
[PlyCount "94"]
[EventDate "2020.??.??"]
[SourceDate "2019.09.20"]

1. c4 e6 2. d4 d5 3. Nc3 Nf6 4. Nf3 Be7 5. e3 O-O 6. Bd3 c5 7. O-O Nc6 8. dxc5
dxc4 9. Bxc4 Qxd1 10. Rxd1 Bxc5 11. a3 a6 12. b4 Be7 13. Ra2 Rd8 14. Rad2 Rxd2
15. Nxd2 b5 16. Bb3 Bb7 17. Bb2 Rd8 18. Nf3 h6 19. h3 g5 20. Rxd8+ Bxd8 21. Ne2
Ne4 22. Bc1 Bf6 23. Ned4 Nxd4 24. Nxd4 Bxd4 25. exd4 Bd5 26. Bc2 Nd6 27. f3 Kg7
28. Kf2 f5 29. g3 Kf6 30. g4 Nc4 31. a4 Nb6 32. axb5 axb5 33. Bd2 Bc4 34. gxf5
exf5 35. h4 Nd5 36. hxg5+ hxg5 37. Kg3 Nc7 38. Kf2 Nd5 39. Kg3 Kg6 40. Bb1 Nc7
41. Bc2 Ne6 42. Bc3 Nf4 43. Kf2 Nd5 44. Bd2 Kf6 45. Bb1 Nf4 46. Bxf4 gxf4 47.
Ke1 Ke6 1/2-1/2

[Event "SF Reckenfeld 1 - SV Heiden 1"]
[Site "Verbandsklasse 2019/2020"]
[Date "2020.01.18"]
[Round "5.3"]
[White "Sicking, Norbert"]
[Black "Woeste, Georg"]
[Result "1-0"]
[WhiteElo "1756"]
[BlackElo "1721"]
[PlyCount "111"]
[EventDate "2020.??.??"]
[SourceDate "2019.09.20"]

1. d4 Nf6 2. Nf3 e6 3. g3 b6 4. Bg2 Bb7 5. O-O Be7 6. c3 O-O 7. Bg5 c5 8. Nbd2
Nc6 9. e4 d5 10. e5 Ne4 11. Bxe7 Qxe7 12. Re1 cxd4 13. cxd4 Rfc8 14. Nxe4 dxe4
15. Rxe4 Nb4 16. Re1 Rc7 17. a3 Nd5 18. Rc1 Rac8 19. Rxc7 Qxc7 20. Re2 b5 21.
Ne1 Qa5 22. Nd3 Rc4 23. Nc5 Bc6 24. Bf1 Nb6 25. Rd2 h6 26. f3 Nd5 27. Kf2 Kf8
28. Bxc4 bxc4 29. Rc2 Qb5 30. Qe2 Nb6 31. b3 Bd5 32. bxc4 Nxc4 33. a4 Qb4 34.
Qe1 Qa3 35. Qc3 Qxc3 36. Rxc3 f6 37. f4 Kf7 38. Rb3 Kg6 39. Rb8 Kf5 40. Rf8 a5
41. Rf7 Kg6 42. Re7 Nb2 43. Ra7 Nc4 44. g4 f5 45. h3 fxg4 46. hxg4 Kh7 47. Ra6
h5 48. gxh5 Kh6 49. Nxe6 Kxh5 50. Kg3 g6 51. Nf8 Ne3 52. Rxa5 Nf5+ 53. Kh3 Bc4
54. e6 Bf1+ 55. Kh2 Kg4 56. Rxf5 1-0

[Event "SF Reckenfeld 1 - SV Heiden 1"]
[Site "Verbandsklasse 2019/2020"]
[Date "2020.01.18"]
[Round "5.4"]
[White "Merschkoetter, Peter"]
[Black "Kloster, Elisabeth"]
[Result "0-1"]
[WhiteElo "1643"]
[BlackElo "1701"]
[PlyCount "56"]
[EventDate "2020.??.??"]
[SourceDate "2019.09.20"]

1. d4 Nf6 2. c4 g6 3. Nc3 Bg7 4. e4 d6 5. Nf3 Bg4 6. Be2 Nbd7 7. Be3 O-O 8. b4
b6 9. h3 Bxf3 10. Bxf3 e5 11. d5 h6 12. g4 Nh7 13. Qd2 Qh4 14. O-O-O a5 15. b5
Ng5 16. Be2 Nc5 17. f3 f5 18. Bf1 Nxf3 19. Qg2 fxe4 20. Bxc5 Qg5+ 21. Kc2 bxc5
22. Nxe4 Qe3 23. Bd3 Rf4 24. Rhf1 Raf8 25. Ng3 e4 26. Nxe4 Rxe4 27. Bxe4 Qc3+
28. Kb1 Qa1+ 0-1

[Event "SF Reckenfeld 1 - SV Heiden 1"]
[Site "Verbandsklasse 2019/2020"]
[Date "2020.01.18"]
[Round "5.5"]
[White "Vestrick, Frank"]
[Black "Hokamp, Sascha"]
[Result "0-1"]
[WhiteElo "1745"]
[BlackElo "1855"]
[PlyCount "62"]
[EventDate "2020.??.??"]
[SourceDate "2019.09.20"]

1. d4 Nf6 2. c4 d6 3. Nc3 Nbd7 4. e4 e5 5. d5 Be7 6. Be3 O-O 7. f3 Nh5 8. Qd2
c5 9. Nh3 Nb6 10. Nf2 Bd7 11. b3 Nc8 12. Nd3 f5 13. exf5 Bxf5 14. Be2 Bg6 15.
O-O Bf6 16. Rac1 Ne7 17. g4 Bxd3 18. Bxd3 Nf4 19. Ne4 Bh4 20. Ng3 Neg6 21. Bxg6
Nxg6 22. Nf5 Bf6 23. Rce1 Qd7 24. Kg2 Rae8 25. Qd3 Bd8 26. Bd2 a6 27. Rc1 Rf6
28. Bg5 Rf7 29. Bd2 Ref8 30. b4 cxb4 31. Bxb4 Nf4+ 0-1

[Event "SF Reckenfeld 1 - SV Heiden 1"]
[Site "Verbandsklasse 2019/2020"]
[Date "2020.01.18"]
[Round "5.6"]
[White "Roewekamp, Andre"]
[Black "Herdering, Martin"]
[Result "1-0"]
[WhiteElo "1622"]
[BlackElo "1813"]
[PlyCount "110"]
[EventDate "2020.??.??"]
[SourceDate "2019.09.20"]

1. e4 e5 2. Nf3 Nf6 3. Nc3 Nc6 4. Bc4 Bc5 5. d3 d6 6. h3 a6 7. O-O Na5 8. Bb3
Ba7 9. Ne2 Nxb3 10. axb3 c5 11. Ng3 h6 12. Be3 Nh7 13. Nh5 g5 14. Nh2 Nf6 15.
Ng7+ Kf8 16. Nh5 Nxh5 17. Qxh5 Kg7 18. Rae1 f6 19. g3 Qe8 20. Qxe8 Rxe8 21. Kg2
Be6 22. f3 Bb8 23. Rf2 Bc7 24. Ref1 f5 25. f4 exf4 26. gxf4 gxf4 27. Rxf4 fxe4
28. dxe4 Bd8 29. Ng4 Bg5 30. R4f3 Bg8 31. Bxg5 hxg5 32. Nf6 Re6 33. Rf5 Kg6 34.
h4 gxh4 35. R1f4 Re5 36. Rg4+ Kf7 37. Nxg8+ Ke6 38. Rg6+ Kd7 39. Rf7+ Kc6 40.
Ne7+ Kb5 41. c4+ Kb4 42. Nd5+ Kxb3 43. Rxb7+ Kc2 44. Ne3+ Kd2 45. Rb3 Rxe4 46.
Rxd6+ Ke2 47. Nf5 Rg4+ 48. Kh2 Rf8 49. Rd5 Rxc4 50. Re3+ Kf2 51. Rd2+ Kf1 52.
Ra3 Ke1 53. Rg2 Rc1 54. Re3+ Kd1 55. Rf3 Re8 1-0

[Event "SF Reckenfeld 1 - SV Heiden 1"]
[Site "Verbandsklasse 2019/2020"]
[Date "2020.01.18"]
[Round "5.7"]
[White "Knop, Adrian"]
[Black "Roewekamp, Helmut"]
[Result "1/2-1/2"]
[WhiteElo "1477"]
[BlackElo "1590"]
[PlyCount "43"]
[EventDate "2020.??.??"]
[SourceDate "2019.09.20"]

1. e4 e5 2. Nf3 Nc6 3. Bc4 Bc5 4. c3 Nf6 5. d4 exd4 6. cxd4 Bb4+ 7. Nc3 Nxe4 8.
O-O Bxc3 9. d5 Ne5 10. Qe2 Nxf3+ 11. gxf3 Bb4 12. Qxe4+ Qe7 13. Qg4 Qf6 14. Bg5
Qg6 15. a3 h6 16. Rfe1+ Bxe1 17. Rxe1+ Kf8 18. Be7+ Kg8 19. Qxg6 fxg6 20. d6+
Kh7 21. dxc7 Re8 22. Bf7 1/2-1/2

[Event "SF Reckenfeld 1 - SV Heiden 1"]
[Site "Verbandsklasse 2019/2020"]
[Date "2020.01.18"]
[Round "5.8"]
[White "Weber, Stefan"]
[Black "Niewerth, Ruben"]
[Result "1/2-1/2"]
[WhiteElo "1135"]
[BlackElo "1549"]
[PlyCount "32"]
[EventDate "2020.??.??"]
[SourceDate "2019.09.20"]

1. e4 e5 2. Nf3 Nc6 3. Bc4 Bc5 4. Nc3 Nf6 5. d3 d6 6. Bg5 Be6 7. Nd5 Bxd5 8.
Bxd5 Qd7 9. Bc4 Ng4 10. O-O h6 11. Bd2 O-O-O 12. h3 Nxf2 13. Rxf2 Bxf2+ 14.
Kxf2 f5 15. c3 fxe4 16. dxe4 Rdf8 1/2-1/2

[Event "SC Klein-Berlin Rheine 2 - SK Dülmen 2"]
[Site "Verbandsklasse 2019/2020"]
[Date "2020.01.18"]
[Round "5.1"]
[White "Stegemann, Norbert"]
[Black "Van Dijk, Guido"]
[Result "1/2-1/2"]
[WhiteElo "1871"]
[BlackElo "1798"]
[PlyCount "34"]
[EventDate "2020.??.??"]
[SourceDate "2019.09.20"]

1. c4 c6 2. g3 d5 3. Bg2 Nf6 4. Nf3 e6 5. Qc2 Nbd7 6. d4 Bb4+ 7. Bd2 Bxd2+ 8.
Nbxd2 b5 9. b3 O-O 10. O-O Bb7 11. Rfe1 Rc8 12. Qb2 h6 13. a4 bxc4 14. bxc4 Ba6
15. c5 Qa5 16. Nb3 Qb4 17. Qa3 Qb8 1/2-1/2

[Event "SC Klein-Berlin Rheine 2 - SK Dülmen 2"]
[Site "Verbandsklasse 2019/2020"]
[Date "2020.01.18"]
[Round "5.2"]
[White "Hemmert, Michael"]
[Black "Gehlen, Horst"]
[Result "1/2-1/2"]
[WhiteElo "1775"]
[BlackElo "1737"]
[PlyCount "84"]
[EventDate "2020.??.??"]
[SourceDate "2019.09.20"]

1. d4 d5 2. Bf4 c5 3. e3 Nf6 4. Nd2 Nc6 5. Ngf3 Bf5 6. a3 e6 7. dxc5 Bxc5 8.
Nb3 Bd6 9. Bg5 Rc8 10. Bd3 Bg4 11. Be2 O-O 12. Nfd4 Nxd4 13. exd4 Bf5 14. Rc1
h6 15. Bh4 Bf4 16. Nd2 Qb6 17. Bxf6 gxf6 18. g3 Bd6 19. Nb3 a5 20. c4 dxc4 21.
Bxc4 a4 22. Nd2 Qxb2 23. O-O Qxd4 24. Qe2 Bxa3 25. Nf3 Qe4 26. Ra1 Qxe2 27.
Bxe2 Rc3 28. Nd4 Bc5 29. Nxf5 exf5 30. Rxa4 Re8 31. Bb5 Re4 32. Ra8+ Kg7 33.
Bd7 Re5 34. Rb8 Rb3 35. Bc6 b6 36. Rb7 Re7 37. Rxe7 Bxe7 38. Re1 Bc5 39. Re2 b5
40. Rc2 Bd4 41. Kg2 b4 42. Bd5 Ra3 1/2-1/2

[Event "SC Klein-Berlin Rheine 2 - SK Dülmen 2"]
[Site "Verbandsklasse 2019/2020"]
[Date "2020.01.18"]
[Round "5.3"]
[White "Stein, Michael"]
[Black "Miethe, Christoph"]
[Result "1/2-1/2"]
[WhiteElo "1688"]
[BlackElo "1771"]
[PlyCount "107"]
[EventDate "2020.??.??"]
[SourceDate "2019.09.20"]

1. e4 e5 2. Nf3 d6 3. d4 exd4 4. Nxd4 Nf6 5. Nc3 Be7 6. Be2 O-O 7. O-O a6 8.
Be3 b5 9. a3 Bb7 10. f3 Nbd7 11. Nf5 g6 12. Nxe7+ Qxe7 13. Bg5 Qe6 14. Qd2 Rfe8
15. Bd3 Ne5 16. Ne2 Nxd3 17. Qxd3 Qe5 18. Bxf6 Qxf6 19. Qc3 Qxc3 20. Nxc3 Rad8
21. Rad1 Kf8 22. Nd5 Bxd5 23. Rxd5 Re6 24. Rfd1 c6 25. R5d3 Ke7 26. Kf2 Re5 27.
g4 h5 28. h3 hxg4 29. hxg4 g5 30. R1d2 Re6 31. Rd1 Rh8 32. R1d2 Rh2+ 33. Kg3
Rh1 34. Rh2 Rxh2 35. Kxh2 Rh6+ 36. Kg2 Ke6 37. a4 b4 38. c3 bxc3 39. Rxc3 Kd7
40. Rb3 Kc7 41. a5 d5 42. Rb6 dxe4 43. fxe4 Re6 44. Kf3 c5 45. Rb3 f6 46. Ke3
Rd6 47. Rc3 Rc6 48. Rc4 Kd6 49. b4 cxb4 50. Rxb4 Kc5 51. Rb1 Rd6 52. Rb2 Re6
53. Rb1 Rd6 54. Rb2 1/2-1/2

[Event "SC Klein-Berlin Rheine 2 - SK Dülmen 2"]
[Site "Verbandsklasse 2019/2020"]
[Date "2020.01.18"]
[Round "5.4"]
[White "Horstmann, Michael"]
[Black "Lober, Sascha"]
[Result "1/2-1/2"]
[WhiteElo "1685"]
[BlackElo "1641"]
[PlyCount "89"]
[EventDate "2020.??.??"]
[SourceDate "2019.09.20"]

1. c4 Nf6 2. Nc3 d5 3. cxd5 Nxd5 4. Nf3 e6 5. g3 Be7 6. Bg2 O-O 7. O-O Nd7 8.
d3 Rb8 9. Bd2 N7f6 10. Rc1 c6 11. Ne5 Nxc3 12. bxc3 Bd6 13. Nc4 Bc7 14. Rb1 Nd5
15. Ne3 Qf6 16. Qc2 Bb6 17. Nd1 e5 18. c4 Ne7 19. Nc3 Bg4 20. Ne4 Qe6 21. Bb4
Rfe8 22. Bd6 f5 23. Bxb8 fxe4 24. c5 exd3 25. exd3 Rxb8 26. cxb6 a6 27. Rbe1
Qd6 28. Qc4+ Be6 29. Qc3 Ng6 30. a3 Rd8 31. Re3 Bf7 32. Rfe1 Re8 33. Be4 Ne7
34. h4 Kf8 35. Rf3 Kg8 36. Rfe3 Kf8 37. Bf3 Nc8 38. Rxe5 Rxe5 39. Rxe5 Nxb6 40.
Rf5 Kg8 41. Rg5 g6 42. Rg4 Nd7 43. Rf4 Ne5 44. Be4 h6 45. d4 1/2-1/2

[Event "SC Klein-Berlin Rheine 2 - SK Dülmen 2"]
[Site "Verbandsklasse 2019/2020"]
[Date "2020.01.18"]
[Round "5.5"]
[White "Wilms, Gerwin"]
[Black "Huesmann, Stephan"]
[Result "1/2-1/2"]
[WhiteElo "1616"]
[BlackElo "1640"]
[PlyCount "36"]
[EventDate "2020.??.??"]
[SourceDate "2019.09.20"]

1. e4 e6 2. d4 d5 3. Nd2 Nf6 4. e5 Nfd7 5. f4 c5 6. c3 Nc6 7. Ndf3 Qb6 8. Ne2
cxd4 9. cxd4 Be7 10. g3 O-O 11. Bh3 h6 12. O-O f5 13. Kh1 Rf7 14. g4 Nf8 15.
Rg1 Bd7 16. g5 hxg5 17. Nxg5 Bxg5 18. Rxg5 g6 1/2-1/2

[Event "SC Klein-Berlin Rheine 2 - SK Dülmen 2"]
[Site "Verbandsklasse 2019/2020"]
[Date "2020.01.18"]
[Round "5.6"]
[White "Pohlmeier, Ulrich"]
[Black "Bienhuels, Michael"]
[Result "1-0"]
[WhiteElo "1589"]
[BlackElo "1658"]
[PlyCount "58"]
[EventDate "2020.??.??"]
[SourceDate "2019.09.20"]

1. d4 Nf6 2. c4 e6 3. g3 c5 4. Nf3 cxd4 5. Nxd4 Nc6 6. Bg2 Bc5 7. e3 a6 8. O-O
O-O 9. a3 d5 10. cxd5 exd5 11. b4 Ba7 12. Nc3 Nxd4 13. exd4 Bg4 14. Qd3 h6 15.
Bb2 Qd7 16. Rfe1 Rfe8 17. f3 Bf5 18. Qd2 Rac8 19. Kh1 Rxe1+ 20. Rxe1 Re8 21.
Ne2 Qb5 22. Bf1 Qd7 23. Nf4 Re7 24. Bd3 Bxd3 25. Nxd3 Rxe1+ 26. Qxe1 Qf5 27.
Qe2 h5 28. Kg2 Bb8 29. Bc1 Nh7 1-0

[Event "SC Klein-Berlin Rheine 2 - SK Dülmen 2"]
[Site "Verbandsklasse 2019/2020"]
[Date "2020.01.18"]
[Round "5.7"]
[White "Hoffmann, Klaus Peter"]
[Black "Engfer, Klaus"]
[Result "1/2-1/2"]
[WhiteElo "1522"]
[BlackElo "1570"]
[PlyCount "72"]
[EventDate "2020.??.??"]
[SourceDate "2019.09.20"]

1. c4 e5 2. Nc3 Nf6 3. d3 d6 4. Bg5 Be7 5. Nf3 h6 6. Bh4 O-O 7. e3 Bg4 8. Be2
c5 9. d4 exd4 10. exd4 cxd4 11. Nxd4 Bxe2 12. Ndxe2 Nc6 13. O-O Qd7 14. Bg3
Rad8 15. Nf4 Rfe8 16. Re1 Bf8 17. Rxe8 Nxe8 18. Qd2 a6 19. Nfd5 Ne7 20. Bh4 f6
21. Re1 Nf5 22. Bg3 Nxg3 23. hxg3 Nc7 24. b3 Ne6 25. Re3 Ng5 26. Qe2 Nf7 27.
Ne4 Kh8 28. Qh5 Ne5 29. Qe2 Qg4 30. f4 Qxe2 31. Rxe2 Nd7 32. Nec3 Kg8 33. Nc7
Kf7 34. N3d5 f5 35. b4 Nf6 36. Nxf6 Kxf6 1/2-1/2